000 01043cam a2200325Mi 4500
001 93399
005 20230410132921.0
008 020501s19779999sp 000 d spa d
035 _a(OCoLC)ocn639088986
040 _aESUDE
_bspa
_cESUDE
020 _a9788424918533
020 _a9788424935365
035 _a(OCoLC)639088986
050 1 4 _aB 171
_bB582 1977
100 1 _aSeneca, Lucius Annaeus,
_dca. 4 B.C.-65 A.D.
130 1 _aBiblioteca Clásica Gredos.
245 1 0 _aTragedias I /
_cSéneca ; introducciones, traducción y notas de Jesús Luque Moreno.
260 _aMadrid :
_bGredos,
_c1977
300 _a358 p. ;
_c20 cm.
440 0 _aBiblioteca clásica Gredos ;
_vn.26
505 0 _aHercules loco ; Las troyanas ; Las fenicias ; Medea
650 0 _aPhilosophy, Classical.
650 0 _aPhilosophy, Ancient.
650 0 _aPhilosophers, Ancient
_xBiography
700 1 _aLuque Moreno, Jesús,
_eed.lit.
830 0 _aBiblioteca clásica Gredos ;
_v26.
942 _2lcc
_cbk
946 _amjcruz
994 _aC0
_bDRFGD
999 _c90163
_d90163